[Event "WchT 6th"]
[Site "Beersheba"]
[Date "2005.11.04"]
[Round "4.2"]
[White "Zhang, Pengxiang"]
[Black "Sutovsky, Emil"]
[Result "1-0"]
[WhiteElo "2613"]
[BlackElo "2654"]
[Annotator "Erenburg,S"]
[PlyCount "101"]
[EventDate "2005.11.01"]
[EventType "team-tourn"]
[EventRounds "9"]
[EventCountry "ISR"]
[SourceTitle "CBM 110"]
[Source "ChessBase"]
[SourceDate "2006.01.31"]
[SourceVersion "1"]
[SourceVersionDate "2006.01.31"]
[SourceQuality "1"]
[WhiteTeam "China"]
[BlackTeam "Israel"]
[WhiteTeamCountry "CHN"]
[BlackTeamCountry "ISR"]

1. e4 {Kritz} c5 2. Nf3 d6 3. d4 cxd4 4. Nxd4 Nf6 5. f3 e5 (5... Nc6 $5 {
(Kritz) ist ebenfalls eine gute Spielweise} 6. c4 (6. Nc3 {führt zum Rauser
mit 6.f3}) 6... Qb6 7. Nc2 (7. Nb3 a5 8. Qe2 a4 9. Be3 {'=' Kritz.} Qb4+ (9...
Qd8 10. Nd4 Nxd4 11. Bxd4 e6 12. Nc3 Be7 13. Qf2 $14) 10. Bd2 Qb6 11. Be3 $11)
7... g6 8. Nc3 Bg7 9. Rb1 Nb4 10. Ne3 (10. Nxb4 Qxb4 11. Be3 O-O $11) 10... O-O
11. Be2 Be6 12. O-O Rfc8 $132) 6. Nb3 (6. Bb5+ $6 {(Kritz) Dieser Zug ist eine
Falle in der Hoffnung, dass Schwarz 6...Bd7 zieht und Weiß in Vorteil kommt.}
Nbd7 $1 (6... Bd7 $2 7. Bxd7+ Qxd7 (7... Nbxd7 8. Nf5 d5 (8... Nb6 9. c4 $1
Nxc4 10. Nc3 (10. Qa4+ $2 Qd7 11. Qxc4 Rc8 $19) 10... Qd7 11. Bg5 $44) 9. exd5
Nb6 (9... Qa5+ 10. Nc3 Nb6 11. O-O $14) 10. O-O Qxd5 11. Bg5 O-O-O 12. Qe2 $14)
8. Nf5 d5 9. Bg5 dxe4 10. Bxf6 Qxd1+ 11. Kxd1 gxf6 12. fxe4 $16) 7. Nf5 d5 8.
exd5 a6 9. Ba4 (9. Bxd7+ Qxd7 10. Ne3 b5 11. Nc3 Bb7 $15) 9... b5 10. Bb3 Nc5 (
10... Nb6 $5 11. Ne3 Bc5 12. Nc3 Bb7 13. Qd3 O-O $44) 11. Ne3 Nxb3 12. axb3 Bc5
13. c4 Nh5 $44) 6... Be6 (6... d5 $5 {(Kritz) Vielleicht ist diese Variante
objektiv gesehen etwas besser als die Partiefortsetzung, aber sie entspricht
weniger der taktischen und agressiven Spielart von Emil Sutovsky - Schwarz hat
hier kaum eine Chance auf Gewinn zu spielen.} 7. Bg5 (7. exd5 Nxd5 8. Bb5+ Nc6
9. c4 Bb4+ 10. Kf2 Nf4 11. Qxd8+ Kxd8 12. Bxf4 exf4 13. a3 Bd6 14. Nc3 Be6 $13)
7... Be6 8. Bxf6 gxf6 9. exd5 Qxd5 (9... Bxd5 10. Nc3 Bb4 11. Qd3 Nc6 12. O-O-O
Bxb3 13. axb3 Bxc3 14. Qxc3 (14. bxc3 Qxd3 15. Bxd3 $14) 14... Nd4 15. f4 $14)
10. Qxd5 Bxd5 11. Nc3 Be6 (11... Bb4 12. O-O-O Bxb3 (12... Bxc3 13. Rxd5 Bb4
14. Rb5 $16) 13. axb3 Bxc3 14. bxc3 Ke7 15. Bd3 $14) 12. O-O-O Nd7 (12... Nc6
13. Bb5 (13. Nd5 Bh6+ 14. Kb1 O-O-O $17) 13... a6 14. Bxc6+ bxc6 15. Na5 Bb4
16. Nxc6 Bxc3 17. bxc3 Bxa2 18. Rd6 Be6 19. c4 O-O 20. c5 $14) 13. Nd5 O-O-O
14. Bc4 Bh6+ 15. Kb1 Rhe8 $132) 7. c4 Nbd7 (7... a5 8. Be3 Be7 (8... a4 {Kritz}
9. N3d2 Qa5 10. Nc3 $14) 9. Be2 a4 10. N3d2 Qa5 11. Nc3 O-O 12. O-O Bd8 13. Nb5
Bb6 14. Bf2 Nc6 15. Nb1 $1 Ne8 (15... Nh5 $5 16. g3 (16. Nxd6 Bxf2+ 17. Rxf2
Rfd8 {[%cal Ga5c5]} 18. Nc3 Qc5 19. Ncb5 Nf4 20. Bf1 Nd4 $17) 16... Bc5 $13)
16. N1c3 Bc5 17. Kh1 a3 18. bxa3 Nc7 19. Rb1 Nxb5 20. Nxb5 Bxf2 21. Rxf2 $14 {
1/2-1/2 Ponomariov,R-Polgar,J/Sofia BUL 2005/The Week in Chess 549 (78)}) (7...
b5 $5 {Kritz Dieser Zug ist neu, so hat bis jetzt keiner gespielt.} 8. cxb5 (8.
c5 a6 9. Be3 Nc6 $15) 8... d5 $44) (7... Be7 {Kritz} 8. Be3 O-O 9. Nc3 Nbd7 10.
Be2 Rc8 11. Nd5 $14) 8. Nc3 {The background of this queenside knight's
development is vulnerability of the c4 pawn.} ({Another option is to develop
the queenside knight to d2:} 8. Be3 Rc8 9. N3d2 b5 10. b3 bxc4 11. bxc4 Nb6 12.
Nc3 Be7 13. Nd5 Nfxd5 14. cxd5 Bd7 15. Qb3 O-O 16. Ba6 Rb8 17. O-O Bg5 18. Qa3
f5 $11 {1-0 Svidler,P-Najer,E/ACP Blitz Final, playchess.com INT (4.5 2004 (38)
}) 8... Rc8 9. Be3 {Allowing Black to capture the c4 pawn. In opposite, White
is able to take Black's a7 pawn, as well as to manage the initiative against
Black's king in the centre. Kritz: 'Dieser Zug kam bis jetzt nur ein mal vor,
in der Partie Rodriguez - Milos (2001)'} (9. Nd5 Nb6 10. Bg5 (10. Nd2 Nfxd5 11.
cxd5 Bd7 12. b3 Be7 13. Bd3 Bh4+ 14. g3 Bg5 15. Kf2 O-O 16. h4 Bh6 17. Ba3 Qe7
18. Qe2 f5 $17 {0-1 Malakhov,V-Sotnikov,I/Ekaterinburg 1996/CBM 054 (58)})
10... Nxc4 11. Bxc4 Rxc4 12. Qd3 Bxd5 13. Bxf6 gxf6 14. Qxd5 Rc2 15. Qxb7 Bh6
16. O-O Rg8 17. g3 Bf4 18. Qb5+ Ke7 19. Qd3 Rxh2 $19 {0-1 Yandemirov,
V-Areshchenko,A/St Petersburg 2002/CBM 086 ext (29)}) 9... Bxc4 10. Bxc4 Rxc4
11. Qd3 $5 $146 {'?!' Kritz. Activating the queen with tempo. Kritz: 'Es ist
fraglich, ob diese Neuerung tatsächlich gut ist.'} ({White hasn't succeeded to
create serious problems for Black after Kritz: die o.g. Partie verlief so:} 11.
O-O a6 12. Nd5 Be7 13. Nxe7 Kxe7 14. Qd2 (14. Qd3 Rc6 15. Rfd1 Qc7 16. Rac1 Rc8
17. Rxc6 Qxc6 18. Na5 Qc7 19. b4 b6 20. Nb3 b5 21. Na5 Nb6 22. h3 h6 23. f4 Na4
24. Kf2 Nb2 {0-1 Sharapov,E-Najer,E/Moscow 2001/EXT 2002 (24)}) 14... Qb8 15.
Na5 {'©' Kritz.} Rcc8 16. Qb4 b6 17. Nc4 b5 18. Na5 Rc2 19. Rf2 Rhc8 20. Rd1
Rxf2 21. Bxf2 Rc2 $15 {1-0 Rodriguez,A-Milos,G/Santos 2001/CBM 082 (35)}) 11...
Rc8 {The most logical is to return the rook to its camp.} ({Worth
consideration:} 11... Rb4 12. Bxa7 Qa8 13. Nb5 (13. Rc1 Qxa7 14. Nb5 Qb6 $19)
13... Rxb5 14. Qxb5 Qxa7 $19) (11... Rc6 12. Bxa7 b6 13. a4 {with similar to
the position in the game.}) {White decides immediately to take the pawn back.}
12. Bxa7 ({Deserves attention:} 12. O-O $5) 12... b6 {limiting the
possibilities of White's bishop.} (12... Be7 {Kritz} 13. Be3 O-O 14. O-O $16)
13. a4 {intending to carry out a4-a5, that will return the dark-squared bishop
to the game.} (13. O-O {leads to complications:} Ra8 14. Nb5 d5 15. Rac1 Bc5+
16. Nxc5 bxc5 17. exd5 O-O 18. Qd2 c4 19. Rxc4 Nb6 $13) 13... Ra8 {Kritz:
'Schwarz muss zu d5 kommen, er darf sich nicht einfach langsam entwickeln,
denn statisch gesehen ist seine Stellung wegen dem schlechten Läufer, des
Feldes d5 und der weißen Überlegenheit am Damenflügel sehr schwer.'} (13... Be7
{Kritz} 14. a5 O-O 15. O-O bxa5 16. Nxa5 Nc5 17. Qb5 $16) 14. Nb5 d5 $1 {
White's king is in the centre, so, Black opens up the game.} 15. exd5 (15. O-O
$5 {Kritz} dxe4 16. fxe4 Be7 $132) 15... Bb4+ 16. Kf2 ({After} 16. Ke2 O-O $17
{[%cal Ge5e4] White's monarch is in danger again.}) 16... Nc5 $1 17. Qc4 (17.
Nxc5 {Kritz} Bxc5+ 18. Ke2 O-O $17) 17... Rc8 $1 {[%cal Gc5e4] creating new
threats against White's king and queen.} (17... Nxb3 $2 {Kritz} 18. Qxb4 Nc5
19. Rhd1 $16) 18. Rhc1 $1 {The best chance. White offers black to win the
queen.} (18. Qxb4 $4 {is met by} Nd3+ $19) 18... Nce4+ $4 {'?' Kritz. Probably,
Emil overestimated the attacking resources of his position.} ({After the simple
} 18... Nxd5 {Black's position is much better.} 19. Kg1 (19. Rd1 Nxb3 20. Qxb3
Bc5+ $19) 19... O-O $17 {'=/+' Kritz.} 20. Rd1 $6 {Kritz} Ne3 21. Rxd8 Nxc4 22.
Rxc8 Rxc8 23. Nxc5 Bxc5+ 24. Kf1 Ne3+ 25. Ke2 Nxg2 $17) (18... O-O 19. Kg1 Nxd5
$17) 19. fxe4 Rxc4 20. Rxc4 {White has got the rook and knight for the queen.
The point is that now White will collect Black's bishop as well...} O-O {
preparing an attack on the kingside.} ({The least of the evils was} 20... Ng4+
21. Ke2 Be7 22. h3 Nf6 23. d6 $16 (23. Nc7+ {Kritz} Kf8 24. Bxb6 $16)) (20...
Be7 21. Nc7+ Kf8 22. Bxb6 $18) 21. Rxb4 Ng4+ 22. Ke2 $1 {The safest place for
White's monarch.} (22. Kg1 $2 {is much worse:} Qh4 23. Bxb6 Qxh2+ 24. Kf1 f5
$40) 22... Qf6 {threatening with an invasion into White's camp, as well as
protecting the b6 pawn.} (22... Qh4 23. Bxb6 Qxh2 24. Rg1 Rb8 25. Ba7 Ra8 26.
Nd6 g6 27. Bc5 $18) 23. Rf1 {'+/-' Kritz. Kritz: 'Der schwarze Angriff ist das
geopferte Material nicht wert. Weiß hat einfach zu viele Figuren auf dem Brett.
'} Qh6 {threatening with an invasion to e3.} 24. Nd2 f5 {opening up the "f"
file. Other continuations are not better, than the move in the game:} (24...
Qe3+ 25. Kd1 Nf2+ 26. Rxf2 Qxf2 27. Nc3 Qxg2 28. Bxb6 h5 29. a5 h4 30. a6 Qxh2
31. a7 $18 Kh7 32. Be3 Ra8 33. Rb8 Rxa7 34. Bxa7 h3 35. d6 Qg2 36. Kc2 h2 37.
d7 $18) (24... Ne3 25. Nc3 Nxf1 26. Nxf1 $18) (24... Qxh2 25. Bxb6 Qxg2+ 26.
Kd1 h5 27. Nd6 h4 28. Nf5 h3 29. Rg1 Nf2+ 30. Bxf2 Qxf2 31. Rxg7+ Kh8 32. Rb3
$18) 25. exf5 Ne3 (25... Qe3+ {doesn't change the evaluation of the position:}
26. Kd1 Nf2+ 27. Rxf2 Qxf2 28. g4 $18) 26. Nc3 Nxf1 27. Nxf1 $18 {White has
three light pieces and two pawns for the queen. Black's problem is that
White's pieces are already coordinated and protect their king very well.} Rxf5
({Black's survival chances are not better after} 27... Qg5 $5 28. Bxb6 (28. Ne3
$2 Qe7 $1 $13) 28... Qxg2+ 29. Bf2 Rxf5 30. Ne4 Qf3+ (30... Qg4+ 31. Ke1 $18 {
[%cal Ye4f6]}) 31. Ke1 (31. Kd2 Rf4 32. Nfg3 h5 33. Rb8+ Rf8 34. Rxf8+ Kxf8 35.
Bc5+ Ke8 36. Nc3 $16) 31... Qd3 32. d6 Rf8 (32... Qb1+ 33. Ke2 Qc2+ 34. Nfd2
$18) 33. Nfd2 $18) 28. Bxb6 Qg6 {attacking White's g2 pawn.} (28... Rf4 29.
Rxf4 Qxf4 30. Ne3 $18) (28... Qh5+ {is met by} 29. g4 $18) 29. g3 e4 {closing
the fourth rank for White's rook.} 30. Ne3 ({Of course not} 30. Rxe4 $4 Qxb6
$19) 30... Qh5+ 31. Ke1 Rf8 32. Bc5 ({Simplier was} 32. Nxe4 Qxh2 33. d6 Rc8 (
33... Qg1+ 34. Ke2 $18) 34. Bc7 $18) 32... Rc8 33. Nxe4 Qxh2 34. d6 $6 {
giving White practical chances.} ({Preciser is} 34. Kd1 $18) 34... Rxc5 {
Last chance.} 35. Nxc5 (35. d7 $4 Rc1+ 36. Nd1 Qg1+ $19) 35... Qxg3+ 36. Ke2
Qh2+ 37. Ke1 Qg3+ 38. Kd2 Qh2+ ({More resistant was:} 38... Qxd6+ {, but,
anyway, after} 39. Nd3 {White's position is winning:} Qh2+ 40. Kc3 h5 41. a5 h4
42. Rc4 h3 43. Rc8+ Kh7 44. a6 Qh1 45. a7 h2 46. Nf2 Qe1+ 47. Kd3 Qb1+ 48. Kd2
Qxb2+ 49. Nc2 Qf6 50. a8=Q $18) 39. Kc3 Qe5+ (39... Qxd6 {doesn't change
anything:} 40. Ne4 $18) 40. Rd4 $1 {The simpliest. White is sacrificing the
knight, but saving his passed pawn "d".} Qxe3+ (40... Qxc5+ 41. Nc4 $18) 41.
Nd3 {Now black is hopeless against white's passed "d" pawn .} Qf3 42. d7 Qc6+
43. Kd2 Qg2+ 44. Ke3 Qh3+ 45. Ke4 Qg2+ 46. Ke5 Qg5+ 47. Kd6 h5 48. Kc6 Qd8 49.
Nc5 Kh7 50. Nb7 Qf6+ 51. Rd6 1-0

[Event "Budapest FS09 GM"]
[Site "Budapest"]
[Date "2004.09.08"]
[Round "5"]
[White "Erenburg, Sergey"]
[Black "Ilincic, Zlatko"]
[Result "1-0"]
[WhiteElo "2533"]
[BlackElo "2520"]
[Annotator "Erenburg,S"]
[PlyCount "75"]
[EventDate "2004.09.04"]
[EventType "tourn"]
[EventRounds "13"]
[EventCountry "HUN"]
[EventCategory "8"]
[SourceTitle "CBM 102 Extra"]
[Source "ChessBase"]
[SourceDate "2004.11.03"]
[SourceVersion "1"]
[SourceVersionDate "2004.11.03"]
[SourceQuality "1"]

1. e4 c5 2. Nf3 d6 3. d4 cxd4 4. Nxd4 Nf6 5. f3 Nc6 6. c4 Qb6 {Black has the
following alternatives:} (6... e6 {1-0 Yandemirov,V-Lerner,K/St Petersburg
1996/CBM 56 ext/[Shipov] (46)}) (6... Nxd4 $5 7. Qxd4 g6 8. Nc3 Bg7 9. Be3 Be6
10. Be2 O-O 11. Qd2 Rc8 $132 {Malakhov,V-Banikas,H/ESP/1996/0:1/60/}) 7. Nc2 g6
8. Nc3 Bg7 9. Rb1 {protecting the b2 pawn, thus making possible Be3. Other
possibilities are:} (9. Qd3 $5 Ne5 10. Qe3 Qc7 11. b3 a6 12. Bd2 O-O 13. Rc1 e6
14. f4 Ned7 15. Be2 b6 16. O-O $14 {Jagupov,I-Timoshenko,G/St.Petersburg/1996/
0:1/44/}) (9. Bd3 O-O 10. Rb1 e6 11. Be3 Qc7 12. O-O a6 13. Be2 b6 14. Qd2 Rd8
15. Rfd1 Rb8 16. Bf1 Bb7 17. Qf2 Ba8 18. Rbc1 $14 {1-0 McShane,L-Pelletier,Y/
ACP Blitz Prelim1, playchess.com INT 2004 (68)}) 9... Nb4 {disturbing white's
plans.} 10. Ne3 {Probably, white doesn't get anything special after} (10. Nxb4
Qxb4 11. Be3 O-O 12. Qd2 Be6 13. Be2 Rfc8 14. b3 Qa5 15. Rc1 Nd7 {1/2-1/2
Zvjaginsev,V-Shchekachev,A/St Petersburg 1998/CBM 67 (15)}) 10... O-O 11. Be2
Bd7 12. a3 $146 {More principle is} (12. O-O Nc6 13. Kh1 Rac8 14. Ned5 Nxd5 15.
Nxd5 Qd8 16. Be3 b6 17. Qd2 f5 18. exf5 Bxf5 19. Rbd1 Ne5 20. b3 Rf7 21. Bd4
$14 {1/2-1/2 Vajda,S-Hunt,H/Bled 2002/EXT 2003 (49)}) 12... Nc6 13. Ned5 Nxd5
14. Nxd5 Qd8 15. O-O e6 16. Ne3 {White's main idea is to prevent from black
counterplay, it means to prevent the breakthroughs b7-b5 and d6-d5.} Nd4 17. b3
{preparing to develop the dark-squared bishop on long diagonal.} (17. b4 {
deserves attention.}) ({Worse is} 17. Nc2 $2 Ba4 18. Bd3 Bb3 $17 (18... d5 $17)
) 17... Qb6 18. Kh1 Ba4 $5 {It seems like black is going to win a pawn, but...}
(18... f5 {was interesting alternative.}) 19. Qe1 $1 {[%cal Ye2d1][%mdl 2304]
The only move, which prevents from black an advantage, and gives white chances
for an edge.} (19. Bb2 Bxb3 $1 20. Qd2 Ba2 21. Rbd1 Nb3 $17) (19. c5 dxc5 20.
Nc4 Qb5 $19 (20... Bxb3 21. Qxd4 Bxc4 $19)) (19. Qd3 Nxb3 20. Bb2 Bxb2 (20...
Nd4 21. c5 Qxc5 (21... dxc5 22. Bxd4 c4 23. Nxc4 Qxd4 24. Rxb7 $15) 22. Rfc1
Bb5 23. Qxb5 Nxb5 24. Rxc5 Nxa3 25. Bxa3 dxc5 26. Bxc5 Rfc8 $15) 21. Rxb2 Nc5
22. Rxb6 Nxd3 23. Rxd6 Nc5 $15) 19... Nxb3 $2 {Objectively, bad move... But,
first, it is extremely difficult during the game to refute it. Also, such
moves make the chess very interesting game!} (19... Bxb3 {loses immediately:}
20. Bd1 a5 21. Bxb3 Nxb3 22. a4 $18 {with following Qd1.}) ({It wasn't too
late to give up on idea to win the pawn:} 19... Bd7) 20. Bd1 $1 {[%mdl 2048]
White has six pieces on the first rank!} Rfc8 {Other moves don't prevent big
advantage from white:} (20... a5 21. Bc2 Bd4 22. Nd1 Qc6 23. Rxb3 (23. Bxb3
Bxb3 24. Rxb3 Qxc4 25. Rb1 Qc2 26. Be3 $14) 23... Bxb3 24. Bxb3 $14) (20... Bd4
21. Bxb3 $1 Bxb3 22. Nc2 Bg7 (22... Bxc2 23. Rxb6 Bxb6 24. Qc3 $18 {[%cal
Yc1h6]}) 23. Rf2 $1 {protecting the knight.} (23. Be3 Bxc2 24. Bxb6 Bxb1 25.
Qxb1 axb6 26. Qxb6 $14) 23... d5 (23... Bc3 24. Qxc3 Qxf2 25. Bh6 e5 26. Qxb3
$18) 24. c5 $18) 21. Bxb3 $1 (21. f4 {comes to consideration as well.}) 21...
Bxb3 22. Qd2 $1 {Stronger than} (22. Bb2 Ba2 23. Bxg7 Qxb1 (23... Bxb1 24. Bh6
$40) 24. Qd2 Qb3 25. Bf6 Bb1 26. Nd5 Qd3 27. Ne7+ Kf8 28. Qh6+ Ke8 29. Rg1 {
like in the game, but black's rook is located on c6, and not on c8, that plays
in black's hands.}) (22. Qe2 $2 {is met by} Bxc4 $1 $19) 22... Rc6 $1 ({
Black could include the a6-a5, a3-a4 moves:} 22... a5 23. a4 Rc6 24. Qd3 (24.
Bb2 Ba2 25. Bxg7 Bxb1 26. Bf6 $40) 24... Bxc4 25. Nxc4 Qa6 {-see 23.a4
variation.}) 23. Bb2 $1 {[%mdl 640] The only way to get advantage is to
sacrifice the exchange! All the attempts to win the b3 bishops are failed:} (
23. a4 a5 24. Ba3 (24. Qd3 Bxc4 25. Nxc4 Qa6 26. Nb2 Rb6 27. Qd1 Rc8 $44) (24.
Bb2 $142 $1) 24... Rac8 25. Rfc1 (25. Qd3 Bxc4 26. Nxc4 Qa6 27. Nb2 Qxd3 28.
Nxd3 Rc3 29. Rfc1 R8c6 $17) 25... Bd4 26. Qd3 Bxe3 27. Rxb3 Qxb3 28. Qxb3 Bxc1
29. Bxc1 Rxc4 30. Be3 Rc1+ 31. Bg1 Rf1 $17) (23. Qd3 Bxc4 24. Nxc4 Qa6 25. Nb2
Rb6 $44 {and white's pieces are paralized.}) 23... Ba2 24. Bxg7 Bxb1 25. Bf6
$40 {threatening with Nd5 and Qh6.} Qb3 ({Black doesn't survive after} 25...
Kf8 26. Nd5 $1 (26. Nd1 Rxc4 27. Qh6+ (27. Nc3 Rxc3 28. Bxc3 $16) 27... Ke8 28.
Qxh7 Rc1 29. Qg8+ Kd7 30. Qxf7+ (30. Qxa8 Rc8 $19) 30... Kc6 31. Qxe6 Qc5 $13)
26... exd5 27. exd5 $1 {opening the "e" file.} Rxc4 28. Qh6+ {This simple move
is stronger, than} (28. Re1 Be4 29. Qh6+ ({Worse is} 29. fxe4 Ke8 30. Qh6 Kd7
31. Qxh7 Rf8 $17) 29... Ke8 30. Qxh7 Qe3 31. Qg8+ Kd7 32. Qxf7+ Kc8 33. Qe6+ (
33. Bh4 Rc1) 33... Kc7 34. Qe7+ Kb6 35. Qxd6+ Kb5 36. Bh4 Qd2 37. fxe4 Rc1 $13)
28... Ke8 29. Qxh7 $18 {and black is hopeless against white's attack.} Qf2 30.
Qg8+ Kd7 31. Qxf7+ Kc8 32. Qe8+ Kc7 33. Qe7+ Kc8 (33... Kb6 34. Rxb1+) 34. Qd8#
) 26. Nd5 $1 {[%mdl 2176]} Qd3 27. Ne7+ Kf8 28. Qh6+ {White has three pieces
in attack on black's monarch, while, black's ones are absolutely
discoordinated... These factors promise white successful result of attack.} Ke8
29. Rg1 $1 {In such positions it is recommendable to keep the pieces protected,
that will prevent from opponent to get some tactical chances...} Kd7 30. Qxh7
Kc7 (30... Rxc4 31. Qxf7 $18) 31. Qxf7 $18 {White gets material advantage,
while his attack is absolutely isn't over. It makes black position hopeless.}
Kb6 32. Qxe6 $6 ({Even stronger was} 32. Bd4+ $1 Qxd4 (32... Ka6 33. Nxc6 bxc6
34. Qc7 $18) 33. Rxb1+ $18) 32... Rxc4 33. Nd5+ Ka5 34. Nb4 $1 {getting big
material advantage.} Qe2 {Other moves don't change anything:} (34... Rxb4 35.
axb4+ Kxb4 36. e5 $18) (34... Qb3 35. Qd5+ Ka4 (35... Kb6 36. Bd4+ $18) 36.
Qxb7 $18) 35. Qd5+ Rc5 ({After} 35... Ka4 {white is mating in the following
way:} 36. Qxb7 Rac8 37. Qa6+ Kb3 38. Rxb1+ Qb2 39. Rxb2#) 36. Qxb7 Rcc8 37.
Rxb1 Qb5 38. Nc6+ {mating.} (38. Nc6+ Qxc6 39. Bc3+ Qxc3 40. Qb5#) 1-0